| 000 | 00361nam a22001577a 4500 | ||
|---|---|---|---|
| 005 | 20160627144239.0 | ||
| 008 | 160627b xxu||||| |||| 00| 0 eng d | ||
| 041 | _aeng | ||
| 082 | _b10640 | ||
| 100 |
_aSharma, S.C. _92944 |
||
| 245 | _aManagement of Systems | ||
| 260 |
_bKhanna Publishers _c1995 |
||
| 300 | _a912 | ||
| 650 |
_aManagement _9241 |
||
| 942 | _cBK | ||
| 999 |
_c4257 _d4256 |
||